Apuntes sobre los montes y la agricultura Norte-Americana (Record no. 156410)

MARC details
000 -LEADER
campo de control de longitud fija 01084nam a22002175i 4500
001 - NÚMERO DE CONTROL
campo de control 156410
003 - IDENTIFICADOR DE NÚMERO DE CONTROL
campo de control ES-MaACL
005 - FECHA Y HORA DE LA ÚLTIMA TRANSACCIÓN
campo de control 20250909230556.0
008 - DATOS DE LONGITUD FIJA--INFORMACIÓN GENERAL
campo de control de longitud fija 960329s1877 sp |||| | spa d
040 ## - FUENTE DE CATALOGACIÓN
Centro catalogador/agencia de origen CLM
Lengua de catalogación spa
Centro/agencia transcriptor CLM
100 1# - ENTRADA PRINCIPAL--NOMBRE DE PERSONA
Nombre de persona Jordana y Morera, José.
9 (RLIN) 66936
245 10 - MENCIÓN DEL TÍTULO
Título Apuntes sobre los montes y la agricultura Norte-Americana
Resto del título : memoria elevada al Sr. Ministro de Fomento /
Mención de responsabilidad, etc. por José Jordana y Morera , Sebastián Vidal y Soler.
260 ## - PUBLICACIÓN, DISTRIBUCIÓN, ETC.
Lugar de publicación, distribución, etc. Madrid :
Nombre del editor, distribuidor, etc. [s.n.],
Fecha de publicación, distribución, etc. 1877 (
Fabricante Tipografía-Estereotipia Perojo)
300 ## - DESCRIPCIÓN FÍSICA
Extensión 32 p., [8] h. de lám. ;
Dimensiones 23 cm.
650 #7 - PUNTO DE ACCESO ADICIONAL DE MATERIA--TÉRMINO DE MATERIA
Término de materia o nombre geográfico como elemento de entrada Agricultura-
Subdivisión geográfica Estados Unidos
Fuente del encabezamiento o término
9 (RLIN) 156308
650 #4 - PUNTO DE ACCESO ADICIONAL DE MATERIA--TÉRMINO DE MATERIA
Término de materia o nombre geográfico como elemento de entrada Bosques-
Subdivisión geográfica Estados Unidos.
9 (RLIN) 156309
700 11 - ENTRADA AGREGADA--NOMBRE PERSONAL
Nombre de persona Vidal y Soler, Sebastián,
Fechas asociadas al nombre 1842-1889
9 (RLIN) 114528
852 ## - LOCALIZACIÓN
Ubicación ES-MaACL
Número de control de estantería T-251-F-8
Nota libre -- Enc. hol.
condición física -- Falto de las hh. de lám.
Nota libre -- Enc. en un vol. facticio
Encuadernación -- Edic.: corregir T300 60 p.
852 ## - LOCALIZACIÓN
Ubicación ES-MaACL
Número de control de estantería G-9533
Nota libre -- Enc. hol.
-- -- Enc. en un vol. facticio
Encuadernación -- Edic.: corregir en T300 60 p. -- Las hh. de lám., modelos de sierras mecánicas
Holdings
Estatus retirado Estado de pérdida Estado de daño No para préstamo Colección Biblioteca de origen Biblioteca actual Ubicación en estantería Fecha de adquisición Fuente de adquisición Total de préstamos Signatura topográfica completa Código de barras Visto por última vez Precio de reemplazo Tipo de ítem Koha
        Libros del s. XIX Biblioteca del Ateneo de Madrid Biblioteca del Ateneo de Madrid Sala Pecera Planta 3 17/01/2008     G-9533 1163639 23/02/2023 23/02/2023 Libro impreso antiguo
        Colección de folletos Biblioteca del Ateneo de Madrid Biblioteca del Ateneo de Madrid Depósito folletos 17/01/2008     T-251-F-8 1163638 23/02/2023 23/02/2023 Folleto